Management Theory and Practice (Record no. 2411)

MARC details
000 -LEADER
fixed length control field 00548nam a22002057a 4500
003 - CONTROL NUMBER IDENTIFIER
control field OSt
005 - DATE AND TIME OF LATEST TRANSACTION
control field 20151104130059.0
008 - FIXED-LENGTH DATA ELEMENTS--GENERAL INFORMATION
fixed length control field 151104b xxu||||| |||| 00| 0 eng d
020 ## - INTERNATIONAL STANDARD BOOK NUMBER
International Standard Book Number 082645391
040 ## - CATALOGING SOURCE
Transcribing agency DDC
082 ## - DEWEY DECIMAL CLASSIFICATION NUMBER
Classification number 658;
Item number .COL,2000;
100 ## - MAIN ENTRY--PERSONAL NAME
Personal name Cole, G A;
9 (RLIN) 5278
245 ## - TITLE STATEMENT
Title Management Theory and Practice
250 ## - EDITION STATEMENT
Edition statement 5th ed
260 ## - PUBLICATION, DISTRIBUTION, ETC. (IMPRINT)
Place of publication, distribution, etc. London and Newyork;
Name of publisher, distributor, etc. Continuum;
Date of publication, distribution, etc. 2000;
300 ## - PHYSICAL DESCRIPTION
Extent xiv,462p;
Other physical details ill;
Dimensions 35cm;
504 ## - BIBLIOGRAPHY, ETC. NOTE
Bibliography, etc Includes Appendices and index
650 ## - SUBJECT ADDED ENTRY--TOPICAL TERM
Topical term or geographic name as entry element Human Resourse Management
9 (RLIN) 5979
942 ## - ADDED ENTRY ELEMENTS (KOHA)
Source of classification or shelving scheme Dewey Decimal Classification
Koha item type Short Loan
Holdings
Withdrawn status Lost status Source of classification or shelving scheme Damaged status Not for loan Home library Current library Date acquired Source of acquisition Inventory number Total Checkouts Full call number Barcode Date last seen Koha item type Date last checked out
    Dewey Decimal Classification     MUST Main Library MUST Main Library 04/11/2015 Purchase 02/17436   658 COL 2000 2015-2428 04/11/2015 Open Shelf  
    Dewey Decimal Classification     MUST Main Library MUST Main Library 25/10/2016 Purchase 02/17437 2 658 COL 2000 2016-4887 05/03/2022 Open Shelf 08/02/2022